000 00790nam a2200205 i 4500
001 C2-0341803
003 PPAK
005 20180729001424.0
008 170614s1998 my |||| ||||| | kor d
040 _aPPAK
_beng
_cPPAK
_erda
245 1 0 _aWhite night 3.98
264 1 _aKuala Lumpur :
_bPMP Entertainment (M) Sdn. Bhd. [Distributor] ,
_c[1998]
336 _2rdacontent
_atext
337 _2rdamedia
_aunmediated
338 _2rdacarrier
_avolume
500 _aSummaries : In the civil war between North and South Korea, the tension within was high, especially when a mission was hooked with national secrets. A black box, hence, because the key to the struggle. Success, would never come so easily. H
700 _eauthor
700 1 _aKim, Jong-hak,
_ecompile
942 _2ddc
_cVCD
999 _c167951
_d167951